Statistics for Random Countries Flags #1

Click here to take the quiz!

General Stats

  • This quiz has been taken 16 times
  • The average score is 15 of 17

Answers on the Map

Answers color-coded by a green-red scale on the quiz's map according to % correct below.
 

Answer Stats

ANSWER% Correct
Germany
100%
Australia
93%
China
93%
Cyprus
93%
Finland
93%
Greece
93%
India
93%
Israel
93%
Japan
93%
Bulgaria
87%
Croatia
87%
Estonia
87%
France
87%
Georgia
87%
Ireland
87%
Kazakhstan
87%
Czechia
80%

Score Distribution

Percentile by Number Answered

Percent of People with Each Score

Your Score History

You have not taken this quiz